000 00541nam a2200229 i 4500
001 bgj
100 1 _aCHURCHILL, Caryl
245 1 0 _aPlays: Two /
_cCaryl Churchill.
260 _aPortsmouth :
_bMetheun Drama,
_c1992.
300 _a[X], 309 pp ;
_c18 cm.
650 9 _aEnglish drama
740 0 2 _aSoftcops
740 0 2 _aTop Girls
740 0 2 _aFen
740 0 2 _aSerious Money
020 _a0413622703
040 _cBPK
041 0 _aeng
920 _a0-413-62270-3
942 _cKS
008 s uk f |000 0 eng
999 _c48819
_d48819
856 _uhttp://koha.tu.koszalin.pl/cgi-bin/koha/opac-detail.pl?biblionumber=48819
_yKatalog online BPK